| 000 | 01387nam a2200397 4500 | ||
|---|---|---|---|
| 001 | 14031 | ||
| 003 | http://catalogue.bnf.fr/ark:/12148/cb48707713r | ||
| 005 | 20260226151502.0 | ||
| 010 |
_a9782487746213 _d12 EUR |
||
| 073 | 0 | _a9782487746213 | |
| 090 | _a14031 | ||
| 099 | _o0 | ||
| 100 | _a20260220d2026 m y0frey50 ba | ||
| 101 | 0 | _afre | |
| 102 | _aFR | ||
| 105 | _a||||z 00||| | ||
| 181 | 0 |
_601 _ai _bxxxe |
|
| 181 |
_602 _ctxt _2rdacontent |
||
| 182 | 0 |
_601 _an |
|
| 182 |
_602 _cn _2rdamedia |
||
| 200 | 1 |
_aTous coupables sauf Thermos Grönn _bLIVR |
|
| 214 | 0 |
_cEsse que éditions _d2026 |
|
| 214 | 3 | _cImpr. Typolibris | |
| 214 | 0 | _aPantin | |
| 214 | 3 | _a22-Saint-Brieuc cedex 9 | |
| 215 | _a1 vol. (72 p.) | ||
| 215 | _d19 cm | ||
| 225 | 1 | _aThéâtre | |
| 323 | _a18 personnages | ||
| 330 | _aThermos Grönn, aidé par Géraldine Tailleurz, tente de s échapper du pays après avoir détourné des millions. Une malle, un faux passeport, deux jerricanes de kérosène, et la fuite prend une tournure grotesque et tragique. Réussira-t-il à rejoindre le paradis fiscal promis ? | ||
| 610 |
_aSatire _ahumour _acapitalisme |
||
| 700 |
_aNicolas _bRomane |
||
| 700 | _cAuteur du texte | ||
| 801 | 0 |
_aFR _bFR-751131015 _c20260220 _gAFNOR _hFRBNF487077130000006 |
|
| 856 | 2 |
_u1178894 _bPremière de couverture |
|
| 856 | 2 |
_u1178895 _bQuatrième de couverture |
|